000 00565nam a22001937a 4500
003 0
005 20240928102926.0
008 240928b xxu||||| |||| 00| 0 eng d
020 _a978-1-266-23637-2
050 _aHF 5636
_b.W55 2024
100 _aWilliams, Jan R.
245 _aFinancial and managerial accounting :
_bthe basis for business decisions
_cWilliams, Jan R.
250 _a20th ed.
260 _aNew York
_bMcGrawhill
_cC2024
300 _a1161p. :
_bill. ; col. :
_c28cm.
500 _aAccounting.
650 _aIncludes appendix.
942 _2lcc
_cBK
999 _c366414
_d366414